Zbierka úloh z energetického inžinierstva

Bibliographic Details
Main Author: Variny, Miroslav (Author)
Format: Software eBook
Language:Slovak
PhysicalDescription:1 CD-ROM farebný 12 cm
Published: Bratislava [Slovenská chemická knižnica] 2020
ISBN:9788082080516
Subjects:

MARC

LEADER 00000nam a2200000 4500
001 vtls012085857
003 SK-MaSNL
005 20260301230940.0
007 co cg auuua
008 220202s2020 xo | fqnp 000 0 slo
015 |a SNBS2024 
020 |a 9788082080516  |q (elektronická kniha)  |z 97880802080516 
040 |a SNK  |b slo  |c SNK  |e rda 
041 0 |a slo 
044 |a xo  |c SK 
072 7 |a 620.9  |x Energetika  |2 konspekt 
072 7 |a 536  |x Teplo. Termodynamika  |2 konspekt 
080 |a 620.9  |2 2011 
080 |a 662.61  |2 2011 
080 |a 536.7  |2 2011 
080 |a (076.1/.3)  |2 2011 
080 |a (075.8)  |2 2011 
080 |a (0.034.44)  |2 2011 
100 1 |a Variny, Miroslav  |4 aut  |9 622471 
245 1 0 |a Zbierka úloh z energetického inžinierstva  |c Miroslav Variny 
264 1 |a Bratislava  |b [Slovenská chemická knižnica]  |c 2020 
300 |a 1 CD-ROM  |b farebný  |c 12 cm 
336 |a text  |b txt  |2 rdacontent 
337 |a počítač  |b c  |2 rdamedia 
338 |a počítačový disk  |b cd  |2 rdacarrier 
347 |a textový súbor  |b PDF  |2 rda 
500 |a Vydavateľstvo podľa NA ISBN, na titulnej obrazovke uvedené: Slovenská technická univerzita v Bratislave 
504 |a Obsahuje bibliografiu 
650 0 7 |a energetika  |2 SNKPH  |9 3680 
650 0 7 |a spaľovanie  |2 SNKPH  |9 16534 
650 0 7 |a termodynamika  |2 SNKPH  |9 1289 
650 0 7 |a Energetics  |2 SNKPHeng  |9 265211 
650 0 7 |a Combustion  |2 SNKPHeng  |9 327794 
650 0 7 |a Thermodynamics  |2 SNKPHeng  |9 315920 
655 7 |a CD-ROM  |2 SNKPH  |9 70236 
655 7 |a zbierky úloh  |2 SNKPH  |9 70562 
655 7 |a učebnice vysokých škôl  |2 SNKPH  |9 70191 
655 7 |a Examinations, questions etc.  |2 SNKPHeng  |9 286217 
655 7 |a Textbooks (higher)  |2 SNKPHeng  |9 276436 
710 2 |a Slovenská technická univerzita v Bratislave  |4 pbl  |9 239337 
919 |a 978-80-8208-051-6 
958 |a NB 
999 |c 956613  |d 958543 
952 |a SNK  |b SNK  |y NEVYP  |7 1  |p 17A1451146  |o snkSCDM 12107  |i snk2022/1782  |8 0  |0 0  |1 0  |4 0  |d 2022-02-02  |l 0  |r 2026-02-24 10:06:21  |w 2026-02-24